000 00865nam a2200205 i 4500
001 182849
003 ES-MaACL
005 20250905162412.0
007 t|
008 131115s1936 mx ||||1| spa d
080 _a929 Cárdenas, Lázaro
080 _a94(72)"1910/46"
245 0 3 _aEl Gobierno de México ante los problemas sociales y económicos.
_n[6],
_pPlan presidencial para la incorporación de los territorios federales. La ideología y la obra del partido nacional revolucionario. México y España ante la Liga de las Naciones. El problema agrario de la comarca lagunera.
260 _aMéxico :
_bSecretaría de Relaciones Exteriores,
_c1936.
300 _a32 p. ;
_c23 cm.
600 1 7 _aCárdenas, Lázaro,
_d1895-1970
_2
_9153837
651 4 _aMéxico-
_xHistoria-
_z1910-1946.
_99066
852 _aES-MaACL
_j1946-F-15
999 _c182849
_d182849